Προγραμματίζοντας στη C
Αποθηκεύτηκε σε:
| Κύριος συγγραφέας: | |
|---|---|
| Άλλοι συγγραφείς: | |
| Μορφή: | Βιβλίο |
| Γλώσσα: | Greek English |
| Δημοσίευση: |
Αθήνα :
Μόσχος Γκιούρδας,
c1986.
|
| Θέματα: | |
| Ετικέτες: |
Προσθήκη ετικέτας
Δεν υπάρχουν, Καταχωρήστε ετικέτα πρώτοι!
|
MARC
| LEADER | 00000cam a2200000 i 4500 | ||
|---|---|---|---|
| 001 | 1/34438 | ||
| 008 | 941103s1986 gr | ||| |||| ||gre|| | ||
| 020 | |a 0471911283 | ||
| 035 | |a 1987 |l 10039651 | ||
| 040 | |a GR-MY-UA |b gre |e aacr | ||
| 041 | 1 | |a gre |h eng | |
| 082 | 0 | |a 005.133 | |
| 100 | 1 | |a Ammeraal, L. |q (Leendert) | |
| 245 | 1 | 0 | |a Προγραμματίζοντας στη C / |c L. Ammerral ; απόδοση Γιάννης Σαμαράς. |
| 260 | |a Αθήνα : |b Μόσχος Γκιούρδας, |c c1986. | ||
| 300 | |a 120 σ. ; |c 24 εκ. | ||
| 500 | |a Τίτλος πρωτοτύπου: C for Programmers | ||
| 650 | 0 | |a C (Computer program language) | |
| 700 | 1 | |a Σαμαράς, Γιάννης Β. |e trl | |
| 852 | |a INST |b SAMOS |e 19941103 |h 005.133 AMM |p 005300002190 |q 005300002190 |t BK |y 0 | ||
| 852 | |a INST |b SAMOS |e 19941103 |h 005.133 AMM |p 005300002191 |q 005300002191 |t BK |y 0 | ||
| 852 | |a INST |b SAMOS |e 19941103 |h 005.133 AMM |p 005300002192 |q 005300002192 |t BK |y 0 | ||
| 852 | |a INST |b SAMOS |e 19941103 |h 005.133 AMM |p 005300002193 |q 005300002193 |t BK |y 0 | ||
| 852 | |a INST |b SAMOS |e 19941103 |h 005.133 AMM |p 005300002194 |q 005300002194 |t BK |y 0 | ||
| 852 | |a INST |b SAMOS |e 19941103 |h 005.133 AMM |p 005300002195 |q 005300002195 |t BK |y 0 | ||
| 852 | |a INST |b SAMOS |e 19941103 |h 005.133 AMM |p 005300002196 |q 005300002196 |t BK |y 0 | ||
| 852 | |a INST |b SAMOS |e 19941103 |h 005.133 AMM |p 005300002197 |q 005300002197 |t BK |y 0 | ||
| 852 | |a INST |b SAMOS |e 19941103 |h 005.133 AMM |p 005300002198 |q 005300002198 |t BK |y 0 | ||
| 852 | |a INST |b SAMOS |e 19941103 |h 005.133 AMM |p 005300002199 |q 005300002199 |t BK |y 0 | ||
| 852 | |a INST |b SAMOS |e 19941103 |h 005.133 AMM |p 005300002200 |q 005300002200 |t BK |y 0 | ||
| 852 | |a INST |b SAMOS |e 19941103 |h 005.133 AMM |p 005300002201 |q 005300002201 |t BK |y 0 | ||
| 852 | |a INST |b SAMOS |e 19941103 |h 005.133 AMM |p 005300002202 |q 005300002202 |t BK |y 0 | ||
| 852 | |a INST |b SAMOS |e 19941103 |h 005.133 AMM |p 005300014032 |q 005300014032 |t BK |y 12 | ||
| 852 | |a INST |b SAMOS |e 19941103 |h 005.133 AMM |p 005300014179 |q 005300014179 |t BK |y 12 | ||
| 901 | |a BIBL-1997-1 | ||
| 909 | |a Σ |b 008964 | ||
| 909 | |a Σ |b 008956 | ||
| 909 | |a Σ |b 008957 | ||
| 909 | |a Σ |b 008958 | ||
| 909 | |a Σ |b 008959 | ||
| 909 | |a Σ |b 008960 | ||
| 909 | |a Σ |b 008961 | ||
| 909 | |a Σ |b 008962 | ||
| 909 | |a Σ |b 008963 | ||
| 909 | |a Σ |b 008965 | ||
| 909 | |a Σ |b 008966 | ||
| 909 | |a Σ |b 008967 | ||
| 909 | |a Σ |b 008968 | ||
| 909 | |a Σ |b 008969 | ||
| 909 | |a Σ |b 008970 | ||